Villes de France - A à Z - Statistiques

Statistiques générales
  • Ce quiz a été pris 284 fois
  • Le résultat moyen est 12 sur 26
Statistiques - réponses
Indice Lettre Ville % Correct
Chef-lieu du Finistère. Q Quimper
83%
A La Réunion, ou bien dans le 93. S Saint-Denis
81%
Commune du Sud-Ouest de la France où l'on exauce les miracles. L Lourdes
80%
Jeanne D'Arc y a été brûlée vive. R Rouen
80%
Commune limitrophe de Paris avec qui elle partage un bois. V Vincennes
76%
Ville-hôte des Jeux Olympiques de 1992 A Albertville
75%
Commune limitrophe de l'Italie réputée pour ses citrons. M Menton
70%
Commune de Seine-et-Marne réputée pour son Château. F Fontainebleau
69%
Chef-lieu de la Nièvre. N Nevers
67%
Commune bretonne connue pour ses menhirs. C Carnac
64%
Commune associée à la principale victoire de Charles Martel. P Poitiers
63%
Commune de Guyane d'où sont lancées les fusées Ariane. K Kourou
60%
Île bretonne. O Ouessant
50%
Station balnéaire des Landes connues pour ses vagues. B Biscarrosse
38%
Commune du Gard dont est originaire la famille d'André Gide et où Jean Racine vécut après avoir quitté Paris. U Uzès
36%
Commune d'Essonne disposant d'un club de football féminin très réputé où sont notamment passées Marinette Pichon et Gaëtane Thiney J Juvisy-sur-Orge
34%
Commune dont le club de football a pour joueur emblématique Benjamin Nivet. T Troyes
34%
Ville dont Nicolas Dupont-Aignan a été maire de 1995 à 2017. Y Yerres
31%
"Le 21e arrondissement de Paris." D Deauville
25%
Commune de la métropole lilloise. W Wasquehal
24%
Commune surnommée la Monaco du Nord où est né Christian Dior. G Granville
20%
Commune d'Isère où passe souvent le Tour de France. H Huez
18%
Ville natale d'Eric Antoine, Antoine Daniel et Christophe Willem. E Enghien-les-Bains
11%
Commune de la région caennaise où a grandi Jean-Pascal Zadi. I Ifs
10%
Commune des Vosges de l'aire d'attractivité d'Epinal. X Xertigny
5%
Commune de la région mulhousienne. Z Zillisheim
4%
Aucun quiz correspondant
Distribution des résultats
% des personnes avec chaque résultat
Percentile par nombre de réponses
Votre historique - résultats
Vous n’avez pas pris ce quiz